Nociones de física experimental
Uloženo v:
| Hlavní autor: | |
|---|---|
| Médium: | Kniha |
| Jazyk: | španělština |
| Vydáno: |
Friburgo de Brisgovia
B. Herder
1893
|
| Vydání: | 1a. ed |
| Témata: | |
| On-line přístup: | portada |
| Tagy: |
Přidat tag
Žádné tagy, Buďte první, kdo vytvoří štítek k tomuto záznamu!
|
MARC
| LEADER | 00000nam a2200000 a 4500 | ||
|---|---|---|---|
| 001 | UCJ8752 | ||
| 003 | CL-VaPUC | ||
| 008 | 070124e18930000GW |||||||||||||||||spa|d | ||
| 082 | 0 | 4 | |a 372.35 |b WIL |2 21 |
| 100 | 0 | |a Wildermann, D. M |e author |9 517831 | |
| 245 | 1 | 0 | |a Nociones de física experimental |
| 250 | |a 1a. ed | ||
| 300 | |a 136 p | ||
| 942 | |c BK | ||
| 945 | |d 20070124 00:00:00 |a fvergara | ||
| 260 | |a Friburgo de Brisgovia |b B. Herder |c 1893 | ||
| 500 | |a Contiene 116 figuras intercaladas en el texto | ||
| 650 | 0 | |a Física |9 227844 | |
| 650 | 0 | |a Movimiento |9 322237 | |
| 650 | 0 | |a Equilibrio |9 362780 | |
| 650 | 7 | |a GRAVEDAD |2 CL-VaPUC |9 353396 | |
| 650 | 0 | |a Propiedades |9 316623 | |
| 650 | 0 | |a Gases |9 260945 | |
| 650 | 7 | |a PRESION |2 CL-VaPUC |9 342426 | |
| 650 | 0 | |a Sonido |9 261796 | |
| 650 | 0 | |a Calor |9 260253 | |
| 856 | 7 | |f UCJ8752_01.jpg |u http://opac.pucv.cl/pucv_img/Img-8500/UCJ8752_01.jpg |q JEPG |2 file |z portada | |
| 583 | |a last modification |c 20180312 10:40:32 |k Rodrigo Vera | ||
| 999 | |c 324405 |d 324403 | ||
| 952 | |0 0 |1 0 |4 0 |6 372_350000000000000_WIL_1893 |7 0 |8 X |9 404505 |a FDOBUD |b FDOBUD |d 2019-11-22 |i 1619772 |o 372.35 WIL 1893 |p 1619772 |r 2019-11-22 |w 2019-11-22 |y BK_X |k BUD | ||